Henry VI /

Bibliographic Details
Main Author: Shakespeare, William, 1564-1616
Format: Book
Language:English
Published: New York : University Society, [1901]
Series:Booklovers edition.
Subjects:

MARC

Tag First Indicator Second Indicator Subfields
LEADER 00000cam a2200000I 4500
001 in00001663248
005 20151024121156.0
008 761216s1901 nyu d 000 0 eng d
019 |a 6509924 
035 |a (OCoLC)ocm02628726 
040 |a CSU  |c CSU  |d CSU  |d OCL  |d TXA  |d OCL  |d OCLCQ  |d UtOrBLW 
049 |a TXAM  |c [91262],[91263],[91264] 
090 |a PR2813.A2 B4 
092 |a 822.33  |b W5 
100 1 |a Shakespeare, William,  |d 1564-1616. 
245 1 0 |a Henry VI /  |c with introductions, notes, glossary, critical comments, and method of study. 
264 1 |a New York :  |b University Society,  |c [1901] 
264 4 |c [©1901] 
300 |a 3 volumes :  |b color frontispiece ;  |c 18 cm. 
336 |a text  |b txt  |2 rdacontent 
337 |a unmediated  |b n  |2 rdamedia 
338 |a volume  |b nc  |2 rdacarrier 
490 1 |a Booklovers edition 
600 0 0 |a Henry  |b VI,  |c King of England,  |d 1421-1471  |x Drama. 
740 0 |a Henry VI, parts I-II 
830 0 |a Booklovers edition. 
994 |a E0  |b TXA 
999 |a MARS 
999 f f |s 582a61a5-ecdb-3405-97ac-1dffda28f7fb  |i a1816c67-c5af-38e6-bb11-6657c0271a12  |t 0 
952 f f |p ric  |a Texas A&M University  |b Rellis Campus  |c Joint Library Facility  |d Remote Storage  |t 0  |e PR2813.A2 B4  |h Library of Congress classification  |i unmediated -- volume  |k v.1  |m A14801311281 
952 f f |p ric  |a Texas A&M University  |b Rellis Campus  |c Joint Library Facility  |d Remote Storage  |t 0  |e PR2813.A2 B4  |h Library of Congress classification  |i unmediated -- volume  |k v.2  |m A14801311299 
952 f f |p ric  |a Texas A&M University  |b Rellis Campus  |c Joint Library Facility  |d Remote Storage  |t 0  |e PR2813.A2 B4  |h Library of Congress classification  |i unmediated -- volume  |k v.3  |m A14801311304 
998 f f |a PR2813.A2 B4  |s v .1-v.3  |t 0  |l Remote Storage